Visual basic 6 for dummies
Salvato in:
| Autore principale: | |
|---|---|
| Natura: | Libro |
| Lingua: | inglese |
| Pubblicazione: |
Wiley Publishing
1998
|
| Tags: |
Aggiungi Tag
Nessun Tag, puoi essere il primo ad aggiungerne!!
|
MARC
| LEADER | 00000nam a22000007a 4500 | ||
|---|---|---|---|
| 008 | 211021b ||||| |||| 00| 0 eng d | ||
| 020 | |a 0-7645-0370-7 | ||
| 100 | |a WANG, Wallace. | ||
| 245 | |a Visual basic 6 for dummies |c Wallace Wang |g xxiv, 475p | ||
| 260 | |b Wiley Publishing |c 1998 |h New York |i 680853 |l QA76.73 .W18 |m Microsoft Visual Basic for windows |m BASIC (Computer program language). |m Title. | ||
| 500 | |a “It includes index and accompanied with CD”. (For Dummies). | ||
| 942 | |a ddc |c BK |e j. o. ifatola |f 21/ 10/ 2021 | ||
| 952 | |0 0 |1 0 |2 lcc |4 0 |6 QA007673 W18 |7 0 |9 3659 |a HOL |b HOL |c QZ |d 2021-10-21 |l 0 |o QA76.73 .W18 |p 2021-67395 |r 2021-10-21 00:00:00 |w 2021-10-21 |y BK | ||
| 999 | |c 1816 |d 1816 | ||